000 00434nam a2200169Ia 4500
008 090711s9999 xx 000 0 und d
082 _b56776
100 _aदेसाई रणजित
245 _aअभोगी
260 _c1987
300 _a244
600 _aदेसाई रणजित
630 _aअभोगी
700 _aदेसाई रणजित
730 _aअभोगी
942 _cBOOK
999 _c303266
_d303266